000 00321nam a2200109Ia 4500
008 240129s9999 xx 000 0 und d
100 _aBAREJA, NEETA
245 0 _aDIRECT TAX LAWS : ITS ROLE IN DEVELOPMENT OF INTERNATIONAL BUSINESS
260 _bMEWAR UNIVERSITY, CHITTORGARH
_c2013
650 _aCommerce
942 _cTHE
999 _c218576
_d218576